000 00704nam a2200241 i 4500
001 17047
003 ES-MaACL
005 20230906151506.0
007 t|
008 001218s1998 sp ||||1| spa d
020 _a84-339-0093-5
080 _a316.62
100 1 _aVaneigem, Raoul.
_9113072
245 1 0 _aTratado del saber vivir para uso de las jóvenes generaciones /
_cRaoul Vaneigem.
250 _a3ª ed.
260 _aBarcelona :
_bAnagrama,
_c1998.
300 _a295 p. ;
_c20 cm.
490 1 _aColección Argumentos ;
_v93
650 1 4 _aIndividuo y sociedad.
_9178816
830 0 _aColección Argumentos ;
_v93
_9178071
852 _aES-MaACL
_jL-24050
_bR.129133
999 _c17047
_d17047